Julio Verne : (Registro nro. 8654)

Detalles MARC
000 -LIDER
fixed length control field 00862nam a2200289 b 4500
001 - NÚMERO DE CONTROL
Identificador de número de control 96753
003 - IDENTIFICACDOR DE NÚMERO DE CONTROL
control field DO-SdBPM
005 - DATE AND TIME OF LATEST TRANSACTION
control field 20250107091947.0
007 - CAMPOS FIJOS DE DESCRIPCIÓN FÍSICA
fixed length control field 96753
008 - ELEMENTOS DE LONGITUD FIJA
fixed length control field 050112s1987 sp | ||spa
020 ## - ISBN
International Standard Book Number 8440200899
040 ## - FUENTE DE CATALOGACIÓN
Agencia que crea de manera original el registro DO-SdBPM
Idioma de catalogación spa
Agencia que realiza la transcripción BPMSU
041 1# - CÓDIGOS DE OBRAS TRADUCIDAS O EN VARIOS IDIOMAS
Código del idioma del texto/archivo de sonido o separata spa
082 #4 - NÚMERO DE CLASIFICACIÓN DECIMAL DE DEWEY
Classification number 843.8
Item number V531J 1987
Edition number 22
100 1# - ASIENTO PRINCIPAL -- NOMBRE PERSONAL
Nombre personal Verne, Julio,
Fechas asociadas con el nombre 1828-1905
240 13 - TITULO UNIFORME
Título uniforme Le sphinx des glaces.
Idioma de una obra Español
245 10 - MENCIÓN DE TITULO
Título Julio Verne :
Mención de responsabilidad Julio Verne ; traducción J. M. Huertas
Subtítulo La esfinge de los hielos /
260 ## - PUBLICACIÓN, DISTRIBUCIÓN, ETC. (PIE DE IMPRENTA)
Lugar de publicación, distribución, etc Barcelona :
Nombre del editor, distribuidor, etc. Ediciones Orbis,
Fecha de publicación, distribución, etc 1987
300 ## - DESCRIPCIÓN FÍSICA
Extensión 2 v. :
Otros detalles físicos il.;
Dimensiones 22 cm.
490 0# - MENCIÓN DE SERIES
Mención de serie Julio Vernes,
Volume/sequential designation 60/61
590 ## - NOTA LOCAL
Texto de la nota local Inventariado, 2025/VM
650 #4 - ENCABEZAMIENTO DE MATERIA--TEMÁTICO
Término temático o nombre geográfico como elemento de entrada Novela juvenil francesa
650 #4 - ENCABEZAMIENTO DE MATERIA--TEMÁTICO
Término temático o nombre geográfico como elemento de entrada Literatura juvenil francesa
700 1# - ASIENTO SECUNDARIO -- NOMBRE PERSONAL
Nombre personal Huertas, J. M.,
Mención de responsabilidad traductor
910 ## - VALIDACIÓN
Validación VMateo V. Control de calidad. BPMSU
942 ## - ADDED ENTRY ELEMENTS (KOHA)
Source of classification or shelving scheme Dewey Decimal Classification
Koha item type Libros
Existencias
Withdrawn status Lost status Source of classification or shelving scheme Damaged status Not for loan Collection code Home library Current library Date acquired Source of acquisition Total Checkouts Full call number Barcode Date last seen Copy number Price effective from Koha item type
    Dewey Decimal Classification     Colección Juvenil General Biblioteca Pública Metropolitana Salomé Ureña Biblioteca Pública Metropolitana Salomé Ureña 11/11/2015 FUNDI   BPMSU CJG 843.8 V531J 1997 BPMSU15110205 11/11/2015 v.61 11/11/2015 Libros
    Dewey Decimal Classification     Colección Juvenil General Biblioteca Pública Metropolitana Salomé Ureña Biblioteca Pública Metropolitana Salomé Ureña 11/12/2015 FUNDI   BPMSU CJG 843.8 V531J 1997 BPMSU15110227 11/12/2015 v.60 11/12/2015 Libros